Korean Cuisine by Images - Statistics

General Stats
  • This quiz has been taken 234 times
  • The average score is 5 of 16
Answer Stats
Picture Answer % Correct
Kimchi
90%
Bibimbap
87%
Kimbap
75%
Japchae
63%
Tteokbokki
56%
Hotteok
37%
Samgyeopsal
35%
Jjajangmyeon
25%
Patbingsu
13%
Haemul Pajeon
9%
Sundubu Jjigae
8%
Kongguksu
5%
Seolleongtang
3%
Soy Sauce Crab
1%
Chimaek
0%
Hangover Stew
0%
No matching quizzes found
Score Distribution
Percent of People with Each Score
Percentile by Number Answered
Your Score History
You have not taken this quiz